000
00300nam a22001337a 4500
008
170607b xxu||||| |||| 00| 0 eng d
020
_a
9280810316
041
_a
eng
080
_a
32
100
_a
18
101
_a
SHP
245
_a
PEACEKEEPERS,POLITICIANS, AND WARLORDS
_c
ALAO,A
942
_2
udc
_c
BK
999
_c
16232
_d
16232